Formel 1 Top 3 Fahrer außerhalb Europas - Statistiken

Allgemein
  • Dieses Quiz wurde 356 mal gespielt
    151 seit der letzten Aktualisierung
  • Das Durchschnittsergebnis liegt bei 23 aus 57
Antwortstatistiken
Antwort Hints % Korrekt
Sergio Perez Mexiko
95%
Daniel Ricciardo Australien
93%
Alexander Albon Thailand
91%
Ayrton Senna Brasilien
89%
Oscar Piastri Australien
89%
Mark Webber Australien
87%
Felipe Massa Brasilien
85%
Rubens Barrichello Brasilien
81%
Gilles Villeneuve Kanada
79%
Jacques Villeneuve Kanada
79%
Lance Stroll Kanada
78%
Juan Pablo Montoya Kolumbien
76%
Yuki Tsunoda Japan
76%
Juan Manuel Fangio Argentinien
74%
Nelson Piquet Brasilien
69%
Nelson Piquet jr. Brasilien
69%
Christian Fittipaldi Brasilien
64%
Emerson Fittipaldi Brasilien
64%
Jody Scheckter Südafrika
63%
Mario Andretti USA
59%
Michael Andretti USA
59%
Kamui Kobayashi Japan
56%
Phil Hill USA
55%
Jack Brabham Australien
54%
Bruce Mclaren Neuseeland
53%
Denny Hulme Neuseeland
53%
Alan Jones Australien
51%
Takuma Sato Japan
41%
Carlos Reutemann Argentinien
37%
Jose Froilan Gonzalez Argentinien
24%
Pedro Rodriguez Mexiko
21%
Aguri Suzuki Japan
17%
Carlos Pace Brasilien
17%
Dan Gurney USA
17%
Chris Amon Neuseeland
15%
Eddie Cheever USA
13%
Pedro Diniz Brasilien
13%
Richie Ginther USA
13%
Ricardo Zonta Brasilien
11%
Peter Revson USA
10%
Ukyo Katayama Japan
10%
Bill Vukovich USA
9%
Roberto Moreno Brasilien
9%
Troy Ruttman USA
8%
Richard Rathmann USA
7%
Sam Hanks USA
7%
Tora Takagi Japan
7%
Lee Wallard USA
6%
Masten Gregory USA
6%
Pat Flaherty USA
6%
Bob Sweikert USA
5%
Harry Schell USA
5%
Johnnie Parsons USA
5%
Jimmy Bryan USA
4%
Bill Holland USA
3%
Roberto Mieres Argentinien
3%
Daniel Sullivan USA
2%
Keine übereinstimmenden Quizze gefunden
Verteilung der Resultate
Anzahl Personen mit jedem Resultat
Perzentil nach korrekt beantworteten Fragen
Ihre Resultats-Entwicklung
Sie haben dieses Quiz seit der letzten Aktualisierung nicht gespielt